| 000 | 00885nmc a2200289 a 4500 | ||
|---|---|---|---|
| 003 | AR-BaBNM | ||
| 005 | 20251128210701.0 | ||
| 008 | 300120s2000 ||||||||||||||000 | spa|| | ||
| 020 | _a950-892-093-9 | ||
| 040 | _cAR-BaBNM | ||
| 100 | 1 | _aDi Natal, Gabriela | |
| 245 | 1 | 0 |
_aEducación vs. decadencia _bconsideraciones acerca de la apropiación del saber en la escuela |
| 260 |
_aBuenos Aires _bLugar Editorial _c2000 |
||
| 300 |
_a127 p. _btablas |
||
| 490 | 0 | _aReflexiones y propuestas | |
| 500 | _aContiene referencias bibliográficas p. 125-127 | ||
| 650 | 4 | _aCONOCIMIENTO | |
| 650 | 4 | _aPROCESO DE APRENDIZAJE | |
| 650 | 4 | _aAUTOEVALUACION | |
| 653 | _aGESTION CURRICULAR | ||
| 653 | _aPROFESIONALIZACION DOCENTE | ||
| 653 | _aGESTION INSTITUCIONAL | ||
| 700 | 1 | _aPataro, Alejandra | |
| 800 | 1 |
_aRocca, Estela Marta _ecoordinador |
|
| 942 | _cBK | ||
| 998 | _cRaquel | ||
| 999 |
_c16424 _d16424 |
||